Tumbleweeds : [a novel] /

Tumbleweeds is the story of three young friends, the saint, the sinner, and the angel, growing up together in the sort of small Texas Panhandle town that lives and dies by its Friday night football games. A fateful event casts a long shadow over these three intertwined lives and leaves the listener...

Full description

Bibliographic Details
Main Author: Meacham, Leila, 1938-
Corporate Author: Hachette Audio (Firm)
Other Authors: Masters, Angèle
Format: CD Audio Book
Language:English
Published: New York, NY : Hachette Audio, [2012]
Edition:Unabridged.
Subjects:
Online Access:View cover art

MARC

Tag First Indicator Second Indicator Subfields
LEADER 00000cim a2200000Ia 4500
001 in00002780186
005 20150922103435.0
007 sd fmngnnmmned
008 120419s2012 nyunnnne f n eng d
020 |a 9781611137170 
020 |a 1611137179 
024 3 |a 9781611137170 
035 |a (OCoLC)ocn792936837 
040 |a TOH  |c TOH  |d TEF  |d TEFMT  |d UtOrBLW 
043 |a n-us-tx 
049 |a TXAM 
050 4 |a PS3563.E163  |b T86 2012b 
082 0 4 |a 813/.54  |2 23 
100 1 |a Meacham, Leila,  |d 1938- 
245 1 0 |a Tumbleweeds :  |b [a novel] /  |c Leila Meacham. 
250 |a Unabridged. 
264 1 |a New York, NY :  |b Hachette Audio,  |c [2012] 
264 4 |c ℗2012 
300 |a 13 sound discs (approximately 15 hr.) :  |b digital ;  |c 4 3/4 in. 
336 |a spoken word  |b spw  |2 rdacontent 
337 |a audio  |b s  |2 rdamedia 
338 |a audio disc  |b sd  |2 rdacarrier 
500 |a Subtitle from container. 
511 0 |a Read by Angèle Masters. 
500 |a Compact discs. 
520 |a Tumbleweeds is the story of three young friends, the saint, the sinner, and the angel, growing up together in the sort of small Texas Panhandle town that lives and dies by its Friday night football games. A fateful event casts a long shadow over these three intertwined lives and leaves the listener desperate to see how it all plays out. 
500 |a Sound recording. 
650 0 |a Football players  |v Fiction. 
650 0 |a Life change events  |v Fiction. 
651 0 |a Texas  |v Fiction. 
655 7 |a Audiobooks.  |2 lcgft 
700 1 |a Masters, Angèle. 
710 2 |a Hachette Audio (Firm) 
856 7 |3 View cover art  |u http://midwesttapes.com/images/movies/000/000/000/010/614/000000000010614778.gif  |2 http  |t 0 
948 |a cataloged  |b h  |c 2012/7/6  |d c  |e ceaton  |f 12:18:52 pm 
994 |a C0  |b TXA 
999 |a MARS 
999 f f |s f563d000-0d9b-365d-b439-0021af8241b9  |i 38fdb5f4-ca8a-3e31-a60b-4f8554dd373d  |t 0 
952 f f |p normal  |a Texas A&M University  |b College Station  |c Sterling C. Evans Library  |d Evans: Library Stacks  |t 0  |e PS3563.E163 T86 2012b  |h Library of Congress classification  |i audio -- audio disc  |m A14841431356 
998 f f |a PS3563.E163 T86 2012b  |t 0  |l Evans: Library Stacks